<?xml version="1.0" encoding="UTF-8" ?>
<collection xmlns="http://www.loc.gov/MARC21/slim"><record><leader>01216nam a2200289   4500</leader><controlfield tag="001">216652</controlfield><controlfield tag="003">CH-000273-5</controlfield><controlfield tag="005">20221014182439.0</controlfield><datafield tag="035" ind1=" " ind2=" "><subfield code="a">(OCoLC)1252813679</subfield></datafield><datafield tag="040" ind1=" " ind2=" "><subfield code="a">CH-000273-5</subfield><subfield code="b">ger</subfield><subfield code="e">rda</subfield></datafield><datafield tag="041" ind1=" " ind2=" "><subfield code="a">fre</subfield></datafield><datafield tag="100" ind1="1" ind2="0"><subfield code="a">Poncet, Marcel</subfield><subfield code="d">1894-1953</subfield><subfield code="e">Verfasser</subfield><subfield code="4">aut</subfield></datafield><datafield tag="245" ind1="0" ind2="0"><subfield code="a">Brief, Dimanche 6 février</subfield><subfield code="b">Monsieur, ...</subfield><subfield code="c">Je vous achesse Monsieur, en vous renouvelant mes remerciements, l&apos;assurance de mes sentiments distingués. Marcel Poncet</subfield></datafield><datafield tag="264" ind1=" " ind2=" "><subfield code="a">[Vich]</subfield><subfield code="c">[1938]</subfield></datafield><datafield tag="300" ind1=" " ind2=" "><subfield code="a">1 Blatt</subfield><subfield code="c">28,2 x 18 cm</subfield></datafield><datafield tag="336" ind1=" " ind2=" "><subfield code="a">Text</subfield><subfield code="b">txt</subfield><subfield code="2">rdacontent</subfield></datafield><datafield tag="337" ind1=" " ind2=" "><subfield code="a">ohne Hilfsmittel zu benutzen</subfield><subfield code="b">n</subfield><subfield code="2">rdamedia</subfield></datafield><datafield tag="338" ind1=" " ind2=" "><subfield code="a">Blatt</subfield><subfield code="b">nb</subfield><subfield code="2">rdacarrier</subfield></datafield><datafield tag="500" ind1=" " ind2=" "><subfield code="a">Datum von anderer Hand ergänzt: &quot;1938&quot; ; Antwort des Künstlers auf eine Anfrage des Kunsthauses vom 5. Februar 1938</subfield></datafield><datafield tag="500" ind1=" " ind2=" "><subfield code="a">Wohnort des Künstlers Vich</subfield></datafield><datafield tag="600" ind1="1" ind2="7"><subfield code="a">Poncet, Marcel</subfield><subfield code="d">1894-1953</subfield><subfield code="x">Brief</subfield><subfield code="x">Manuskript</subfield><subfield code="2">gnd</subfield></datafield><datafield tag="610" ind1="2" ind2="7"><subfield code="a">Kunsthaus Zürich</subfield><subfield code="x">Ausstellung</subfield><subfield code="x">Geschäftsbrief</subfield><subfield code="2">gnd</subfield></datafield><datafield tag="655" ind1="0" ind2="7"><subfield code="a">Manuskript</subfield><subfield code="2">gnd</subfield></datafield><datafield tag="655" ind1="0" ind2="7"><subfield code="a">Brief</subfield><subfield code="2">gnd</subfield></datafield><datafield tag="710" ind1="2" ind2="0"><subfield code="a">Kunsthaus Zürich</subfield><subfield code="e">Adressat</subfield><subfield code="4">rcp</subfield></datafield><datafield tag="852" ind1="4" ind2="0"><subfield code="a">CH-000273-5</subfield><subfield code="c">10.30.30.184.poncet.19380206</subfield></datafield><datafield tag="856" ind1="4" ind2="1"><subfield code="u">https://digital.kunsthaus.ch/viewer/image/216652/1/</subfield><subfield code="y">Kunsthaus Zürich Sammlungen online</subfield></datafield></record></collection>